| 000 | 00683cam a2200241 4500 | ||
|---|---|---|---|
| 001 | B347 | ||
| 008 | 090401t1986 xxu||||| |||| 00| 0 eng d | ||
| 035 | _a(Sirsi) u35139 | ||
| 041 | _aeng | ||
| 050 | _a692.5 | ||
| 110 |
_aBuilding Maintenance Cost Information Service _91702 |
||
| 245 | _aBuilding maintenance price book 1987 | ||
| 250 | _a7th ed. | ||
| 260 |
_aKingston upon Thames, Surrey _bBMCIS _c1986 |
||
| 300 | _a199p. ; 21cm. | ||
| 350 | _a16 | ||
| 650 | _aBUILT ENVIRONMENT-BUILDING COSTS | ||
| 650 | _aLABOUR COSTS | ||
| 650 | _aBUILT ENVIRONMENT-BUILDING MAINTENANCE AND REFURBISHMENT | ||
| 650 | _aBUILDING PRICE BOOKS | ||
| 942 | _n0 | ||
| 948 | _c04/03/1997 | ||
| 999 |
_c90051 _d90051 |
||